000 00748nam a2200193Ia 4500
003 GCL
008 140319s9999 xx 000 0 ara d
040 _aGCL /
_cGCL
082 0 4 _aط
_b813.02
_bو م
100 1 _aوكالة المطبوعات
245 1 0 _aمجموعة الحضانة: وجاء اخى-رحلة الى السوق-فى بيتنا كلب-رحلة بالسيارة- عند الطبيب- صديقى الجديد /
_cوكالة المطبوعات
260 _aالكويت :
_bوكالة المطبوعات ،
_c1998
300 _aمتعدد:
_bايض ؛
_c14 سم
490 _aمجموعة الحضانة
_v0
650 0 4 _aالاطفال
650 0 4 _aقصص الاطفال
650 0 4 _aادب الاطفال
942 _2ddc
_cBK
999 _c8666
_d8666